| 000 | 01463nam a22003737a 4500 | ||
|---|---|---|---|
| 003 | CHAP | ||
| 005 | 20220329143109.0 | ||
| 008 | 060316d2005 mx r 00110 spa d | ||
| 010 | _a91884 | ||
| 011 | _a92856 | ||
| 035 | _a103422 | ||
| 040 | _cCHAP | ||
| 090 | _aTesis | ||
| 100 | 1 |
_aZepeda Landa, Martín. _9123927 |
|
| 245 | 1 | 4 |
_aLos procesos socioculturales de la enseñanza y el apraendizaje : _bimplicaciones para la formación didáctica de los profesores a nivel superior _c/por Martín Jacinto Zepeda Landa |
| 260 |
_aChapingo, Méx. : _bEl autor, _c2005. |
||
| 300 | _a162 h. | ||
| 502 | _aTesis (Dr. en Ciencias en Educación Agrícola Superior) -- UACH. Departamento de Sociología Rural | ||
| 590 |
_aALEPH _b10 _c20130110 _lUCH01 _h1510 |
||
| 590 |
_aBATCH-UPD _b10 _c20130110 _lUCH01 _h0639 |
||
| 590 |
_aBATCH-UPD _b10 _c20130410 _lUCH01 _h0323 |
||
| 590 |
_aBATCH-UPD _b10 _c20130914 _lUCH01 _h1246 |
||
| 590 |
_aCONVERSION _b10 _c20130109 _lUCH01 _h1351 |
||
| 650 | 1 | 4 |
_aAprendizaje. _96370 |
| 650 | 1 | 4 |
_aEducación superior _xEstudio y enseñanza. _935632 |
| 650 | 1 | 4 |
_aEducación superior _xMetodología. _935646 |
| 650 | 1 | 4 |
_aEnseñanza _xMetodología. _937086 |
| 650 | 1 | 4 |
_aFormación de profesores. _942392 |
| 901 | _aBK | ||
| 905 | _aAlejandra Carrasco M. | ||
| 942 | _cFOLL | ||
| 949 |
_aTesis _bBC _cTES _d00000001034221 _eTS1 _gDonaciØn _h44566 _i103422 _sb |
||
| 949 |
_aTesis _bBC _cTES _d33724000999496 _eTS2 _fc.2 _gDonaciØn _h44567 _i103422 _sb |
||
| 999 |
_c91884 _d91884 |
||